| Tag |
First Indicator |
Second Indicator |
Subfields |
| LEADER |
00000cam a2200000 a 4500 |
| 001 |
in00001663155 |
| 005 |
20151023125458.0 |
| 008 |
020220s1988 iau 000 1 cze c |
| 035 |
|
|
|a (OCoLC)ocm49049741
|
| 040 |
|
|
|a TXA
|c TXA
|d UtOrBLW
|
| 041 |
1 |
|
|a cze
|h eng
|
| 042 |
|
|
|a pcc
|
| 043 |
|
|
|a e-xr---
|
| 049 |
|
|
|a TXAM
|
| 050 |
|
4 |
|a PN6505.S3
|b K73 1988
|
| 100 |
1 |
|
|a Krejci, Charles.
|
| 245 |
1 |
0 |
|a Prislovi =
|b Proverbs /
|c compiled by Charles Krejci.
|
| 246 |
3 |
1 |
|a Proverbs
|
| 264 |
|
1 |
|a Cedar Rapids, Iowa :
|b Czech Heritage Foundation,
|c 1988.
|
| 300 |
|
|
|a 112 pages ;
|c 21 cm.
|
| 336 |
|
|
|a text
|b txt
|2 rdacontent
|
| 337 |
|
|
|a unmediated
|b n
|2 rdamedia
|
| 338 |
|
|
|a volume
|b nc
|2 rdacarrier
|
| 546 |
|
|
|a Czech and English.
|
| 500 |
|
|
|a "Second printing."
|
| 650 |
|
0 |
|a Proverbs, Czech.
|
| 650 |
|
0 |
|a Folklore
|z Czech Republic.
|
| 948 |
|
|
|a cataloged
|b h
|c 2002/2/20
|d o
|e dchroust
|f 1:55:21 pm
|
| 994 |
|
|
|a E0
|b TXA
|
| 999 |
|
|
|a MARS
|
| 999 |
f |
f |
|s 3ed34735-ca57-3ccb-9dcb-9000ef675af7
|i c6e5d935-e265-3a29-aee8-cb42af793491
|t 0
|
| 952 |
f |
f |
|p ric
|a Texas A&M University
|b Rellis Campus
|c Joint Library Facility
|d Remote Storage
|t 0
|e PN6505.S3 K73 1988
|h Library of Congress classification
|i unmediated -- volume
|m A14828467257
|
| 998 |
f |
f |
|a PN6505.S3 K73 1988
|t 0
|l Remote Storage
|